Loading...
| Fine Arts - Classical Music | 9 | 21.11 | 3,044% | 522% | 711% |
| Fine Arts - Other | 9 | 16.67 | 3,956% | 333% | 411% |
| Fine Arts - Painting & Sculpture | 10 | 16.00 | 4,540% | 590% | 250% |
| History - American | 6 | 11.67 | 3,300% | 383% | 133% |
| History - European | 5 | 16.00 | 4,940% | 300% | 260% |
| History - Other | 6 | 16.67 | 3,300% | 150% | 833% |
| History - World | 6 | 18.33 | 6,183% | 350% | 433% |
| Literature - American | 10 | 15.00 | 2,470% | 250% | 670% |
| Literature - British | 7 | 17.14 | 2,986% | 686% | 357% |
| Literature - European | 6 | 15.00 | 3,750% | 283% | 300% |
| Literature - World | 7 | 14.29 | 5,300% | 129% | 500% |
| Mythology | 6 | 16.67 | 3,017% | 317% | 567% |
| Other | 8 | 22.50 | 7,275% | 563% | 513% |
| Philosophy | 5 | 8.00 | 720% | 160% | 300% |
| Religion | 8 | 16.25 | 3,238% | 463% | 413% |
| Science - Biology | 7 | 8.57 | 3,214% | 86% | 129% |
| Science - Chemistry | 3 | 20.00 | 533% | 400% | 667% |
| Science - Other | 10 | 19.00 | 3,880% | 540% | 590% |
| Science - Physics | 7 | 18.57 | 4,386% | 357% | 743% |
| Social Science | 9 | 16.67 | 3,811% | 433% | 456% |